O vztazích, erotice a bláhové fantazii /

Hlavní autor: Weinbergerová, Jitka
Jazyk: Čeština
Vydáno: Ostrava : Repronis, 2010
Vydání: Vyd. 1.
Edice: Kniha na klíč
Témata:
Fyzický popis: 113 s. ; 18 cm
Knihy
Uloženo v:
LEADER 01440nam a2200445 a 4500
001 nkc20102107679
003 CZ PrNK
005 20100716104519.0
007 ta
008 100621s2010 xr g 000 f cze
015 |a cnb002107679 
020 |a 978-80-7329-241-6  |q (brož.) 
035 |a (OCoLC)655155667 
040 |a BOA001  |b cze  |d ABA001 
072 7 |a 821.162.3-3  |x Česká próza  |2 Konspekt  |9 25 
080 |a 821.162.3-3  |2 MRF 
080 |a 316.472.42  |2 MRF 
080 |a 316.472.4  |2 MRF 
080 |a (0:82-3)  |2 MRF 
080 |a (0:82-83)  |2 MRF 
100 1 |a Weinbergerová, Jitka  |7 js20050703060  |4 aut 
245 1 0 |a O vztazích, erotice a bláhové fantazii /  |c Frida Weinbergerová 
250 |a Vyd. 1. 
260 |a Ostrava :  |b Repronis,  |c 2010 
300 |a 113 s. ;  |c 18 cm 
490 1 |a Kniha na klíč 
650 0 7 |a partnerské vztahy  |7 ph115684  |2 czenas 
650 0 7 |a interpersonální vztahy  |7 ph114786  |2 czenas 
650 0 9 |a partner relationships  |2 eczenas 
650 0 9 |a interpersonal relations  |2 eczenas 
655 7 |a české prózy  |7 fd133972  |2 czenas 
655 7 |a fiktivní rozhovory  |7 fd224093  |2 czenas 
655 9 |a Czech prose  |2 eczenas 
655 9 |a imaginary conversations  |2 eczenas 
830 0 |a Kniha na klíč  |0 s 
910 2 |a BOA001  |b 1-1244.339 
990 |a BK 
995 |a 01 
991 |b 201006 
996 6 |b 2610439165  |c 1-1244.339  |l MZK  |r Sklad / do 1 hodiny  |n 2  |p p.v.  |w 001126688  |u 000010  |a 1  |e BOA001  |j MZK50  |s P